|
|
|
|
| LEADER |
01380nam a22003852i 4500 |
| 001 |
001540658 |
| 003 |
CZ BrMZK |
| 005 |
20190813125624.0 |
| 007 |
ta |
| 008 |
160830s1983 xo er|||||||||||slo d |
| 040 |
|
|
|a BOA001
|b cze
|e rda
|
| 043 |
|
|
|a e-ur---
|
| 072 |
|
7 |
|a 37
|x Výchova a vzdělávání
|2 Konspekt
|9 22
|
| 080 |
|
|
|a 061.2-053.2
|2 MRF
|
| 080 |
|
|
|a 37:32
|2 MRF
|
| 080 |
|
|
|a (47+57)
|2 MRF
|
| 080 |
|
|
|a (082.2)
|2 MRF
|
| 245 |
0 |
0 |
|a Komsomol-verný pomocník strany :
|b (k 60. výročiu vzniku VLKZM)
|
| 264 |
|
1 |
|a Bratislava :
|b Obzor,
|c 1983
|
| 300 |
|
|
|a 16 stran
|
| 336 |
|
|
|a text
|b txt
|2 rdacontent
|
| 337 |
|
|
|a bez média
|b n
|2 rdamedia
|
| 338 |
|
|
|a svazek
|b nc
|2 rdacarrier
|
| 490 |
1 |
|
|a Lektorské listy
|
| 550 |
|
|
|a Vydavatel: Slovenský ústredný výbor ZČSSP
|
| 610 |
2 |
7 |
|a Vsesojuznyj leninskij kommunističeskij sojuz molodeži
|7 kn20010711048
|
| 650 |
0 |
7 |
|a organizace dětí a mládeže
|z Sovětský svaz
|7 ph123799
|2 czenas
|
| 650 |
0 |
7 |
|a politické vzdělávání
|7 ph137681
|2 czenas
|
| 655 |
|
7 |
|a jubilejní publikace
|7 fd131839
|2 czenas
|
| 710 |
2 |
|
|a Svaz československo-sovětského přátelství.
|b Slovenský ústredný výbor
|7 ko2016934060
|4 isb
|
| 830 |
|
0 |
|a Lektorské listy
|
| 910 |
|
|
|a BOA001
|b X-0865.331
|
| 990 |
|
|
|a BK
|
| 991 |
|
|
|b 201608
|
| 996 |
7 |
|
|b 2619173841
|c X-0865.331
|l MZK
|r Sklad / do 24 hodin
|n 0
|w 001575890
|u 000010
|a 1
|e BOA001
|j MZK50
|s A
|